000 01526nam a2200373 a 4500
001 000108926
003 CHAP
005 20250515062730.0
008 140320s2013 mx | |sm |||||||spa|d
010 _a105388
011 _a106360
040 _cCHAP
090 _aTesis
100 1 _aSerrano Briceño, Eloisa Jesus
_9126007
245 1 0 _aAnálisis de la factibilidad técnica y económica de la producción de maíz amarillo en la organización de productores agropecuaria castariz spr de rl en el Municipio de Poncitlán, Jalisco
_h[En línea]
_cpor Eloisa Jesús Serrano Briceño y Eder Segundo Contreras.
260 _aChapingo, Méx. :
_bEl autor,
_c2013.
500 _aPara ver el contenido del material haga clic en la liga
502 _aTesis (Lic. en Economía Agrícola) -- UACH. División de Ciencias Económico Administrativas
590 _aBATCH-UPD
_b05
_c20140324
_lUCH01
_h1537
590 _aBATCH-UPD
_b10
_c20141002
_lUCH01
_h0858
590 _aE11695DGD
_b10
_c20140328
_lUCH01
_h1314
590 _aE792CSJ
_b05
_c20140320
_lUCH01
_h1139
590 _aE792CSJ
_b05
_c20140320
_lUCH01
_h1140
650 1 7 _aMaíz
_xCostos de producción
_2
_970915
650 1 4 _aMaíz
_xProducción.
_971041
650 1 4 _aMaíz
_xRendimiento.
_971051
650 1 4 _aMaíz
_xTecnología postcosecha.
_971069
650 1 4 _aMaíz
_xVariedades.
_971081
700 1 _aSegundo Contreras, Eder
_9126008
856 _aFinding aid
_uhttp://10.13.5.2/tesis/sist108926.pdf
_zTeclea aquí
901 _aBK
942 _cTESIS
942 _n0
999 _c105388
_d105388